Normal view
MARC view
Entry Topical Term
001 - CONTROL NUMBER
- control field: 16897
003 - CONTROL NUMBER IDENTIFIER
- control field: HDC
005 - DATE AND TIME OF LATEST TRANSACTION
- control field: 20230624073507.0
008 - FIXED-LENGTH DATA ELEMENTS
- fixed length control field: 210224|| aca||aabn | a|a d
040 ## - CATALOGING SOURCE
- Original cataloging agency: HDC
- Transcribing agency: HDC
150 ## - HEADING--TOPICAL TERM
- Topical term or geographic name entry element: 6th World Halal Forum (WHF)
670 ## - SOURCE DATA FOUND
- Source citation: Work cat.: (HDC): Tee, Lin Say author 8504, Malaysia: New index will position halal as an asset class / by, 2011
